[Event "Elit(Stockholms SS-Vasteras)"]
[Site "?"]
[Date "2020.02.01"]
[Round "5"]
[White "Westerberg, Jonathan"]
[Black "Miezis, Normunds"]
[Result "1/2-1/2"]
[WhiteElo "2556"]
[BlackElo "2484"]
[PlyCount "115"]
1. d4 Nf6 2. Nf3 e6 3. e3 c5 4. Bd3 b6 5. O-O Bb7 6. c4 Bxf3 7. Qxf3 Nc6 8.
dxc5 Ne5 9. Qe2 Bxc5 10. Nc3 O-O 11. b3 Qc7 12. h3 Nxd3 13. Qxd3 Rad8 14. Bb2
d5 15. Rad1 dxc4 16. Qxc4 Qe7 17. Qa6 h6 18. a3 Rxd1 19. Rxd1 Rd8 20. Rxd8+
Qxd8 21. Qe2 Be7 22. Nb5 Qd7 23. a4 Ne8 24. Qc2 Bf6 25. Bxf6 Nxf6 26. Nd4 a5
27. Nf3 Qd6 28. Qc8+ Kh7 29. Qc3 Kg8 30. Nd2 Qb4 31. Qd3 Nd5 32. g3 Qc5 33. Qc4
Qd6 34. Qd4 e5 35. Qd3 Qe6 36. Kg2 Qd7 37. Qe4 Nf6 38. Qc2 Qd5+ 39. e4 Qd4 40.
Qc8+ Kh7 41. Qf5+ Kg8 42. Nc4 Qxe4+ 43. Qxe4 Nxe4 44. Kf3 Nc5 45. Nxb6 f6 46.
Ke3 Kf7 47. Kd2 Nxb3+ 48. Kc3 Nd4 49. Kc4 Ke6 50. Kc5 f5 51. Nc4 Nb3+ 52. Kb5
Kd5 53. Nxa5 Nxa5 54. Kxa5 Kc5 55. Ka6 Kc6 56. Ka5 Kc5 57. Ka6 Kc6 58. Ka5
1/2-1/2

[Event "Elit(Limhamn-Eksjo)"]
[Site "?"]
[Date "2020.02.01"]
[Round "5"]
[White "Gajic, Mladen"]
[Black "Jepson, Christian"]
[Result "1/2-1/2"]
[WhiteElo "2295"]
[BlackElo "2384"]
[PlyCount "69"]
1. d4 d6 2. e4 Nf6 3. Nc3 g6 4. f4 Bg7 5. e5 Nfd7 6. Be3 c5 7. e6 fxe6 8. dxc5
Nxc5 9. Bxc5 dxc5 10. Qxd8+ Kxd8 11. O-O-O+ Kc7 12. Nf3 Nc6 13. g3 Bxc3 14.
bxc3 e5 15. Nxe5 Nxe5 16. fxe5 Be6 17. Be2 Rhf8 18. Bd3 Rf3 19. Rdf1 Raf8 20.
Rxf3 Rxf3 21. Kd2 Bd5 22. Rf1 Rxf1 23. Bxf1 Kd7 24. c4 Be4 25. Bd3 Bxd3 26.
Kxd3 Kc6 27. Ke4 e6 28. Kd3 a6 29. Kc3 b5 30. Kb3 Kb6 31. Kc3 Kc7 32. cxb5 axb5
33. Kb3 Kc6 34. c4 b4 35. a3 1/2-1/2

[Event "Elit(Stockholms SS-Vasteras)"]
[Site "?"]
[Date "2020.02.01"]
[Round "5"]
[White "Pantzar, Milton"]
[Black "Lokander, Martin"]
[Result "1-0"]
[WhiteElo "2406"]
[BlackElo "2399"]
[PlyCount "163"]
[EventDate "2020.??.??"]
1. d4 Nf6 2. c4 e6 3. Nf3 d5 4. g3 Be7 5. Bg2 O-O 6. O-O dxc4 7. Ne5 Nc6 8.
Nxc6 bxc6 9. Na3 Bxa3 10. bxa3 Ba6 11. a4 Qd6 12. Qd2 Rab8 13. Qa5 Rb6 14. e4
Nd7 15. Rd1 Rfb8 16. e5 Qf8 17. Qc3 Qb4 18. Qxb4 Rxb4 19. Bxc6 c3 20. Ba3 c2
21. Bxb4 cxd1=Q+ 22. Rxd1 Rxb4 23. Bxd7 Be2 24. Rc1 Bf3 25. Bc6 Bxc6 26. Rxc6
Rxa4 27. Rxc7 g5 28. Rd7 Ra5 29. Kg2 g4 30. h3 h5 31. hxg4 hxg4 32. Rb7 Rxa2
33. d5 exd5 34. Rb4 Kf8 35. Rd4 Ra5 36. Rxg4 Ke7 37. f4 Ra2+ 38. Kf3 Ra3+ 39.
Kf2 Ke6 40. Rg8 Kf5 41. Rf8 Ra2+ 42. Kf3 Ra3+ 43. Kg2 Kg4 44. Rg8+ Kf5 45. Rg7
Ke6 46. Rg8 Kf5 47. Kh3 d4 48. Rf8 Ke6 49. Rd8 d3 50. Kg4 a5 51. Rd6+ Ke7 52.
Kf5 a4 53. Rd4 d2 54. Rxd2 Rxg3 55. Rd4 a3 56. Ra4 Rb3 57. Ra7+ Kf8 58. Kg5 Rb6
59. f5 Ke8 60. Rxa3 f6+ 61. Kg6 fxe5+ 62. f6 Kd7 63. Ra7+ Ke6 64. Re7+ Kd5 65.
Kf5 Rb1 66. Rxe5+ Kd6 67. Re2 Rf1+ 68. Kg6 Rf3 69. f7 Rg3+ 70. Kf6 Rf3+ 71. Kg7
Rg3+ 72. Kf8 Kd7 73. Rd2+ Kc7 74. Rd4 Rf3 75. Ke7 Re3+ 76. Kf6 Rf3+ 77. Ke6 Rf1
78. Rd7+ Kc6 79. Rd8 Re1+ 80. Kf6 Rf1+ 81. Kg6 Rg1+ 82. Kh5 1-0

[Event "Elit(Limhamn-Eksjo)"]
[Site "?"]
[Date "2020.02.01"]
[Round "5"]
[White "Eklund, Joel"]
[Black "Lukez, Franko"]
[Result "1-0"]
[WhiteElo "2216"]
[BlackElo "2324"]
[PlyCount "89"]
[EventDate "2020.??.??"]
1. d4 g6 2. e4 Bg7 3. c4 c5 4. d5 b5 5. cxb5 d6 6. Ne2 Nf6 7. Nec3 a6 8. f3 O-O
9. a4 axb5 10. Nxb5 Nfd7 11. N1c3 Na6 12. Be2 Nb4 13. Be3 Ba6 14. Qd2 Qa5 15.
O-O Rfc8 16. Ra3 Bxb5 17. axb5 Qd8 18. Rc1 Rab8 19. Rca1 c4 20. Ra4 Nd3 21.
Bxd3 cxd3 22. Qxd3 Nc5 23. Bxc5 Rxc5 24. Ra6 Bxc3 25. bxc3 Rcxb5 26. h3 Rc5 27.
Qd4 Rbc8 28. R1a3 Rc4 29. Qe3 Kg7 30. Ra7 R8c5 31. Rb7 Rc7 32. Qb6 Qc8 33. Raa7
Rxb7 34. Rxb7 Qe8 35. Qa7 Kf8 36. Kh2 f6 37. Rc7 Rxc7 38. Qxc7 h5 39. h4 Kg7
40. c4 g5 41. c5 Kg6 42. c6 gxh4 43. Qd7 Qg8 44. c7 Kh6 45. Qh3 1-0

[Event "Elit(Stockholms SS-Vasteras)"]
[Site "?"]
[Date "2020.02.01"]
[Round "5"]
[White "Seo, Jung Min"]
[Black "Bergstrom, Peter"]
[Result "1-0"]
[WhiteElo "2448"]
[BlackElo "2305"]
[PlyCount "87"]
[EventDate "2020.??.??"]
1. c4 c6 2. d4 d5 3. Nf3 Nf6 4. e3 a6 5. Nc3 b5 6. b3 Bg4 7. h3 Bh5 8. g4 Bg6
9. Ne5 e6 10. Bd2 Bd6 11. h4 dxc4 12. Nxg6 hxg6 13. bxc4 b4 14. Na4 Ne4 15. g5
Qa5 16. c5 Nxd2 17. Kxd2 Be7 18. f4 Nd7 19. Qb3 Rd8 20. Ke1 Bxc5 21. dxc5 Nxc5
22. Nxc5 Qxc5 23. Bg2 O-O 24. Ke2 Qb5+ 25. Kf3 Rd3 26. Bf1 Rxb3 27. Bxb5 Rc3
28. Ba4 Rd8 29. Rhd1 Rxd1 30. Rxd1 c5 31. Rd8+ Kh7 32. Be8 Kg8 33. Bb5+ Kh7 34.
Bxa6 Rc2 35. Rc8 Rxa2 36. Bd3 Ra3 37. Ke2 Ra2+ 38. Kd1 Ra3 39. Ke2 Ra2+ 40. Kf3
Ra3 41. Be4 Ra5 42. h5 b3 43. hxg6+ fxg6 44. Rc6 1-0

[Event "Elit(Limhamn-Eksjo)"]
[Site "?"]
[Date "2020.02.01"]
[Round "5"]
[White "Vernersson, Per"]
[Black "Lindgren, Philip"]
[Result "0-1"]
[WhiteElo "2264"]
[BlackElo "2356"]
[PlyCount "48"]
[EventDate "2020.??.??"]
1. d4 Nf6 2. c4 e6 3. g3 d5 4. Nf3 Be7 5. Bg2 O-O 6. O-O c6 7. Nbd2 b6 8. Qc2
Bb7 9. e4 Na6 10. e5 Nd7 11. a3 c5 12. cxd5 Bxd5 13. dxc5 bxc5 14. b3 Rb8 15.
Nc4 Qc7 16. Re1 Qc6 17. Re3 Nc7 18. Ne1 Nb5 19. Bb2 Nd4 20. Bxd4 cxd4 21. Re2
Bxg2 22. Nxg2 Nc5 23. Ne1 d3 24. Nxd3 Nxb3 0-1

[Event "Elit(Stockholms SS-Vasteras)"]
[Site "?"]
[Date "2020.02.01"]
[Round "5"]
[White "Akesson, Ralf"]
[Black "Cederstam Barsk, Carl"]
[Result "1/2-1/2"]
[WhiteElo "2379"]
[BlackElo "2353"]
[PlyCount "100"]
[EventDate "2020.??.??"]
1. d4 Nf6 2. c4 e6 3. Nc3 Bb4 4. Qc2 O-O 5. a3 Bxc3+ 6. Qxc3 d5 7. Nf3 dxc4 8.
Qxc4 b6 9. Bg5 Ba6 10. Qa4 c5 11. dxc5 bxc5 12. e3 Bxf1 13. Kxf1 Qb6 14. Bxf6
gxf6 15. g3 Rd8 16. Kg2 Nd7 17. Rhd1 Qb7 18. Kg1 c4 19. Rd4 Nb6 20. Qd1 Rxd4
21. Nxd4 Qe4 22. Nb5 Qe5 23. Nc3 Rb8 24. Rc1 Nd5 25. Qg4+ Kf8 26. Qxc4 Nxe3 27.
Qh4 Nf5 28. Qxh7 Rxb2 29. Qh8+ Ke7 30. Ne4 Rb8 31. Rc8 Rxc8 32. Qxc8 Qxe4 33.
Qc5+ Ke8 34. Qc8+ Ke7 35. Qc5+ Kd8 36. Qf8+ Kc7 37. Qxf7+ Kb6 38. Qxf6 Qe1+ 39.
Kg2 Qe4+ 40. Kg1 Qe1+ 41. Kg2 a5 42. h4 Qe4+ 43. Kg1 Qe1+ 44. Kg2 Qe2 45. Kg1
Kb5 46. h5 Qe1+ 47. Kg2 Qe4+ 48. Kg1 Qe1+ 49. Kg2 Qe4+ 50. Kg1 Qe1+ 1/2-1/2

[Event "Elit(Stockholms SS-Vasteras)"]
[Site "?"]
[Date "2020.02.01"]
[Round "5"]
[White "Ertan, Can"]
[Black "Norberg, Johan"]
[Result "1/2-1/2"]
[WhiteElo "2387"]
[BlackElo "2304"]
[PlyCount "136"]
[EventDate "2020.??.??"]
1. e4 g6 2. d4 Bg7 3. Bc4 c6 4. Nc3 b5 5. Bb3 b4 6. Nce2 d5 7. Nf3 dxe4 8. Ng5
Nh6 9. a3 bxa3 10. Rxa3 O-O 11. O-O Nf5 12. c3 Nd7 13. Nxe4 Qb6 14. N2g3 e6 15.
Qf3 Qc7 16. Re1 Bb7 17. Bf4 e5 18. dxe5 Nxe5 19. Qe2 Nxg3 20. hxg3 c5 21. Qb5
Rfe8 22. Raa1 Qc6 23. Qxc6 Bxc6 24. Nxc5 Rab8 25. Ba4 Bxa4 26. Nxa4 Rb5 27. c4
Rb4 28. Bd2 Rbb8 29. b3 Rxb3 30. f4 Rd8 31. Ba5 Nc6 32. Bxd8 Bxa1 33. Rxa1 Nxd8
34. c5 Nc6 35. Kh2 Rb4 36. Ra3 Rc4 37. Kg1 f5 38. Kf2 Kf7 39. Ke3 Ke6 40. Rd3
Re4+ 41. Kf2 Rd4 42. Ra3 Kd5 43. Ke3 Kc4 44. g4 Re4+ 45. Kf3 Kb4 46. gxf5 gxf5
47. Ra1 Kb3 48. Nb6 axb6 49. cxb6 Kb2 50. Rh1 Nd4+ 51. Kg3 Re7 52. Rd1 Kc3 53.
Rc1+ Nc2 54. Kh4 Rb7 55. Kg5 Kb2 56. Rh1 Nd4 57. Kf6 Rxb6+ 58. Ke5 Ne2 59. Rxh7
Rb5+ 60. Kf6 Nxf4 61. Rh4 Ne2 62. g4 f4 63. Rh2 f3 64. Rf2 Rb6+ 65. Ke5 Rb3 66.
Ke4 Kc2 67. Rxf3 Rb4+ 68. Ke3 Rxg4 1/2-1/2

[Event "Elit(Limhamn-Eksjo)"]
[Site "?"]
[Date "2020.02.01"]
[Round "5"]
[White "Malesevic, Nedeljko"]
[Black "Tadjerbashi, Amir"]
[Result "0-1"]
[WhiteElo "2257"]
[BlackElo "2199"]
[PlyCount "76"]
[EventDate "2020.??.??"]
1. d4 d5 2. c4 e6 3. Nf3 c6 4. e3 Nf6 5. Nc3 Nbd7 6. Bd3 dxc4 7. Bxc4 b5 8. Bd3
a6 9. O-O c5 10. b3 Bb7 11. Bb2 cxd4 12. exd4 Be7 13. Re1 O-O 14. Rc1 Nb6 15.
Ne4 Nxe4 16. Bxe4 Bxe4 17. Rxe4 Nd5 18. Ne5 Bd6 19. Nd3 Qe7 20. Nc5 Rfd8 21.
Qf3 Rac8 22. Nd3 Ba3 23. Qe2 Rxc1+ 24. Nxc1 Bxb2 25. Qxb2 Qd6 26. Ne2 Nf6 27.
Re3 e5 28. f3 exd4 29. Rd3 Qe5 30. g3 Re8 31. Nxd4 Qe1+ 32. Kg2 Nd5 33. Qd2
Ne3+ 34. Kh3 Qf1+ 35. Kh4 Re4+ 36. g4 Rxg4+ 37. fxg4 Qf6+ 38. g5 Qf4+ 0-1

[Event "Elit(Stockholms SS-Vasteras)"]
[Site "?"]
[Date "2020.02.01"]
[Round "5"]
[White "Norberg, Erik"]
[Black "Arman, Deniz"]
[Result "1/2-1/2"]
[WhiteElo "2241"]
[BlackElo "2318"]
[PlyCount "72"]
[EventDate "2020.??.??"]
1. g3 c5 2. c4 Nc6 3. Nc3 g6 4. Bg2 Bg7 5. d3 d6 6. e4 e6 7. Nge2 Nge7 8. a3
O-O 9. O-O Nd4 10. Rb1 b6 11. e5 Nxe2+ 12. Qxe2 Rb8 13. exd6 Nf5 14. Ne4 Nd4
15. Qd1 Bb7 16. b4 f5 17. Nc3 Bxg2 18. Kxg2 Qxd6 19. Be3 Qc6+ 20. f3 Rbd8 21.
bxc5 Qxc5 22. Nb5 Qe7 23. Nxd4 Bxd4 24. Qe2 Bxe3 25. Qxe3 Qxa3 26. Qxe6+ Rf7
27. Ra1 Qb2+ 28. Kh3 Kg7 29. Rad1 Rfd7 30. d4 Rxd4 31. Qe7+ Kh6 32. Rxd4 Qxd4
33. Rd1 Qxd1 34. Qh4+ Kg7 35. Qe7+ Kg8 36. Qe6+ Kg7 1/2-1/2

[Event "Elit(Limhamn-Eksjo)"]
[Site "?"]
[Date "2020.02.01"]
[Round "5"]
[White "Nylen, Anders"]
[Black "Gustafsson, Fredrik"]
[Result "1/2-1/2"]
[WhiteElo "2188"]
[BlackElo "2089"]
[PlyCount "100"]
1. d4 Nf6 2. c4 g6 3. Nc3 d5 4. cxd5 Nxd5 5. e4 Nxc3 6. bxc3 Bg7 7. Nf3 c5 8.
Rb1 O-O 9. Be2 cxd4 10. cxd4 Nc6 11. d5 Na5 12. O-O e6 13. Ba3 Re8 14. d6 e5
15. Qd2 Bd7 16. Rfd1 Rb8 17. Qe3 Nc6 18. Qc5 Qf6 19. Rd2 Rec8 20. Qb5 Rd8 21.
Qc5 g5 22. h3 h5 23. Nh2 Qg6 24. Rdb2 b6 25. Qe3 Nd4 26. Ba6 g4 27. h4 Bc6 28.
Re1 Bf8 29. f4 gxf3 30. Nxf3 Nxf3+ 31. Qxf3 Bxd6 32. Bxd6 Rxd6 33. Bc4 Rf6 34.
Qc3 Re8 35. Bd5 Bxd5 36. exd5 e4 37. Re3 Rf4 38. Rf2 Rg4 39. Qc7 Qg7 40. d6
Qa1+ 41. Rf1 Qg7 42. Rf2 Rf8 43. Qc4 Rd8 44. d7 Qf8 45. Qd5 Qe7 46. Qxh5 Qxd7
47. Rf5 Rg6 48. Rxe4 Qd1+ 49. Qxd1 Rxd1+ 50. Rf1 Rgd6 1/2-1/2

[Event "Elit(Stockholms SS-Vasteras)"]
[Site "?"]
[Date "2020.02.01"]
[Round "5"]
[White "Renman, Nils-Gustaf"]
[Black "Petersson, Baldur Teodor"]
[Result "1/2-1/2"]
[WhiteElo "2319"]
[BlackElo "2247"]
[PlyCount "64"]
[EventDate "2020.??.??"]
1. d4 Nf6 2. c4 g6 3. Nc3 Bg7 4. e4 d6 5. h3 O-O 6. Be3 e5 7. d5 Na6 8. Nf3 Nc5
9. Nd2 a5 10. a3 Nh5 11. b4 axb4 12. axb4 Rxa1 13. Qxa1 Na6 14. Qa3 f5 15. Nf3
Bf6 16. exf5 gxf5 17. g4 Nf4 18. Rg1 Kh8 19. g5 Bg7 20. Bxf4 exf4 21. Bd3 Qe8+
22. Be2 Rf7 23. Kd2 Re7 24. Bd1 c5 25. b5 Nb4 26. Na2 Nxa2 27. Qxa2 Re4 28. Kc1
Bd7 29. Nd2 Rd4 30. Nf3 Re4 31. Nd2 Rd4 32. Nf3 Re4 1/2-1/2

[Event "Elit(Rockaden,Sthlm-Burgsvik)"]
[Site "?"]
[Date "2020.02.01"]
[Round "5"]
[White "Krupenski, Juri"]
[Black "Blomqvist, Erik"]
[Result "1-0"]
[WhiteElo "2386"]
[BlackElo "2539"]
[PlyCount "87"]
1. d4 Nf6 2. c4 e6 3. g3 Bb4+ 4. Bd2 a5 5. Bg2 d5 6. Nf3 O-O 7. O-O Be7 8. Qc2
c6 9. Bf4 Nbd7 10. Rd1 h6 11. Nbd2 g5 12. Be5 Ng4 13. h3 Ngxe5 14. Nxe5 Nxe5
15. dxe5 Qb6 16. Rac1 f5 17. e3 a4 18. Nf3 Ra5 19. cxd5 exd5 20. Nd4 Rc5 21.
Qb1 Rxc1 22. Qxc1 Kh8 23. Qc2 Bc5 24. g4 fxg4 25. Qg6 Qxb2 26. Qxh6+ Kg8 27.
Qxg5+ Kh8 28. Qh4+ Kg7 29. Qg5+ Kh8 30. Qh4+ Kg7 31. hxg4 Bxd4 32. Qg5+ Kh7 33.
Qh4+ Kg7 34. Rxd4 Qxa2 35. Qg5+ Kh7 36. Qe7+ Kg8 37. Qg5+ Kh7 38. Qh4+ Kg7 39.
Bf1 Qa1 40. Qg5+ Kh7 41. Qe7+ Kg8 42. Qg5+ Kh7 43. Kg2 Bf5 44. gxf5 1-0

[Event "Elit(Farsta-Wasa)"]
[Site "?"]
[Date "2020.02.01"]
[Round "5"]
[White "Shirov, Alexei"]
[Black "Urkedal, Frode"]
[Result "0-1"]
[WhiteElo "2677"]
[BlackElo "2528"]
[PlyCount "122"]
[SourceDate "2020.02.12"]
1. e4 e5 2. Nf3 Nc6 3. Bb5 a6 4. Ba4 Nf6 5. O-O Be7 6. Re1 b5 7. Bb3 O-O 8. h3
Bb7 9. d3 d5 10. exd5 Nxd5 11. Nbd2 Qd7 12. Ne4 Rad8 13. Ng3 f6 14. c3 Kh8 15.
Nh4 g5 16. Nhf5 Nf4 17. Qg4 Nxd3 18. Rd1 Qe8 19. Bc2 Nf4 20. Rxd8 Bxd8 21. Be4
Na5 22. Bxb7 Nxb7 23. Bxf4 exf4 24. Ne2 Qd7 25. Ned4 c5 26. Nb3 Bc7 27. Rd1 Qe6
28. Qf3 Rd8 29. Rxd8+ Nxd8 30. g4 fxg3 31. fxg3 c4 32. Nbd4 Qe1+ 33. Kg2 Qd2+
34. Qe2 Qxe2+ 35. Nxe2 Ne6 36. Kf3 Nc5 37. Nfd4 Kg7 38. g4 Kg6 39. Nf5 Be5 40.
Ne3 Na4 41. Nd1 f5 42. b3 cxb3 43. axb3 Nc5 44. b4 Na4 45. gxf5+ Kxf5 46. c4
bxc4 47. Ne3+ Ke6 48. Nxc4 Bf6 49. Ng3 Nc3 50. Nb2 Be7 51. Nd3 Nd5 52. Ne4 Nxb4
53. Nxb4 Bxb4 54. Nxg5+ Kf5 55. Ne4 a5 56. Ng3+ Ke5 57. Ke3 a4 58. Kd3 Kf4 59.
Ne2+ Kf3 60. Nd4+ Kg3 61. Kc4 Bf8 0-1

[Event "Elit(LASK-Vaxjo)"]
[Site "?"]
[Date "2020.02.01"]
[Round "5"]
[White "Christiansen, Johan-Sebastian"]
[Black "Kulaots, Kaido"]
[Result "1/2-1/2"]
[WhiteElo "2600"]
[BlackElo "2510"]
[PlyCount "93"]
1. e4 c5 2. c3 d5 3. exd5 Qxd5 4. d4 Nf6 5. Nf3 e6 6. Na3 Nc6 7. Be3 cxd4 8.
Nb5 Qd8 9. Nbxd4 Nd5 10. Nxc6 bxc6 11. Bd2 Be7 12. c4 Nf6 13. Qc2 c5 14. O-O-O
Bb7 15. Bd3 Qc7 16. Rde1 O-O-O 17. Ne5 Rhf8 18. Bc3 g6 19. Qa4 Ng4 20. Qc2 Nxe5
21. Bxe5 Qa5 22. Kb1 Bxg2 23. Rhg1 Bc6 24. Be4 Rd2 25. Qb3 Bxe4+ 26. Rxe4 Qb6
27. Qa4 f6 28. Bc3 Rxf2 29. Rd1 Rd8 30. Ree1 e5 31. Rxd8+ Bxd8 32. Rd1 Bc7 33.
Qd7+ Kb7 34. Qxh7 g5 35. Ka1 Qd6 36. Rb1 Qc6 37. Ba5 Qd6 38. a3 Kb8 39. Qg8+
Kb7 40. Qh7 Kc8 41. Qg8+ Qd8 42. Qe6+ Kb8 43. Bxc7+ Kxc7 44. Qa6 Qb8 45. Qe6
Qd8 46. Qa6 Qb8 47. Qe6 1/2-1/2

[Event "Elit(Rockaden,Sthlm-Burgsvik)"]
[Site "?"]
[Date "2020.02.01"]
[Round "5"]
[White "Bjerre, Jonas Buhl"]
[Black "Haitin, Ilja"]
[Result "1-0"]
[WhiteElo "2535"]
[BlackElo "2349"]
[PlyCount "113"]
1. e4 c6 2. d4 d5 3. e5 Bf5 4. Nd2 e6 5. Nb3 h6 6. Nf3 Ne7 7. Be2 Nd7 8. O-O
Bh7 9. a4 Nf5 10. a5 a6 11. c4 Be7 12. cxd5 cxd5 13. Bd3 O-O 14. g4 Nh4 15.
Bxh7+ Kxh7 16. Nxh4 Bxh4 17. Qd3+ Kg8 18. f4 Rc8 19. Bd2 Rc4 20. Rac1 b5 21.
axb6 Rxc1 22. Rxc1 Qxb6 23. Ba5 Qb8 24. Rc6 Rc8 25. Rd6 Qb7 26. Bd2 Nf8 27. Ba5
Ng6 28. Rb6 Qd7 29. Bd2 Qc7 30. Rxa6 Rb8 31. Ra2 Be7 32. Nc1 Bb4 33. Be3 Qd8
34. Qe2 Ra8 35. Rxa8 Qxa8 36. Nd3 Be7 37. Qf1 Nh4 38. Kf2 Qa4 39. Qc1 Qb3 40.
Ne1 Bb4 41. Qc8+ Bf8 42. Qc2 Qa2 43. Kg3 Ng6 44. f5 exf5 45. gxf5 Ne7 46. Nf3
Qa6 47. Kg2 Qb5 48. Nh4 Nc6 49. f6 Nb4 50. Qd1 g5 51. Nf5 Nc6 52. Qd2 Nd8 53.
Bxg5 hxg5 54. Qxg5+ Kh7 55. Qh5+ Kg8 56. Ne7+ Bxe7 57. Qg5+ 1-0

[Event "Elit(Farsta-Wasa)"]
[Site "?"]
[Date "2020.02.01"]
[Round "5"]
[White "Livner, Anders"]
[Black "Amin, Bassem"]
[Result "0-1"]
[WhiteElo "2371"]
[BlackElo "2673"]
[PlyCount "96"]
1. Nf3 Nf6 2. g3 g6 3. b3 Bg7 4. Bb2 O-O 5. Bg2 d6 6. d4 Nbd7 7. O-O Re8 8. Re1
c5 9. c4 a6 10. Nc3 Rb8 11. a4 cxd4 12. Nxd4 Nc5 13. b4 Ne6 14. e3 a5 15. bxa5
Nc5 16. Nd5 Nxd5 17. cxd5 Qxa5 18. Nb3 Nxb3 19. Qxb3 Bxb2 20. Qxb2 Bd7 21. Qd4
Rec8 22. Reb1 Rc5 23. Qh4 f6 24. Qe4 Bf5 25. Qxe7 Bxb1 26. Rxb1 Qd8 27. Qxd8+
Rxd8 28. Rxb7 Ra5 29. h4 Rxa4 30. Bh3 f5 31. h5 Ra1+ 32. Bf1 Rc8 33. Kg2 Rcc1
34. Bd3 Rd1 35. Bc4 g5 36. Kf3 g4+ 37. Kf4 Ra4 38. Kg5 Rxc4 39. Rb8+ Kf7 40.
Rb7+ Kg8 41. Rb8+ Kf7 42. Rb7+ Ke8 43. Rxh7 Rxd5 44. Kf6 Rc2 45. h6 Rxf2 46.
Rg7 Rh2 47. h7 Re5 48. Kg5 f4+ 0-1

[Event "Elit(LASK-Vaxjo)"]
[Site "?"]
[Date "2020.02.01"]
[Round "5"]
[White "Hillarp Persson, Tiger"]
[Black "Solodovnichenko, Yuri"]
[Result "1/2-1/2"]
[WhiteElo "2546"]
[BlackElo "2574"]
[PlyCount "73"]
1. Nf3 Nf6 2. g3 d5 3. Bg2 c6 4. c4 dxc4 5. O-O Nbd7 6. Na3 Nb6 7. Qc2 g6 8.
Nxc4 Nxc4 9. Qxc4 Bg7 10. Re1 O-O 11. d4 Qd5 12. Qxd5 Nxd5 13. Bd2 a5 14. Rec1
Bg4 15. e3 Rfd8 16. Rc5 a4 17. h3 Bf5 18. Ne5 Bxe5 19. dxe5 Nc7 20. Be1 Be6 21.
g4 Rd7 22. Rcc1 f5 23. exf6 exf6 24. Kh2 Kf7 25. Kg3 Nb5 26. Bb4 Re8 27. Bf1 g5
28. Bxb5 cxb5 29. Rc5 Bc4 30. b3 axb3 31. axb3 Bxb3 32. Rxb5 Re5 33. Rb6 Re6
34. Rxe6 Bxe6 35. h4 Rc7 36. Rd1 Rc4 37. Rd4 1/2-1/2

[Event "Elit(Rockaden,Sthlm-Burgsvik)"]
[Site "?"]
[Date "2020.02.01"]
[Round "5"]
[White "Andersson, Tommy"]
[Black "Neiksans, Arturs"]
[Result "0-1"]
[WhiteElo "2396"]
[BlackElo "2560"]
[PlyCount "92"]
[EventDate "2020.??.??"]
1. d4 f5 2. g3 Nf6 3. Bg2 g6 4. Nh3 Bg7 5. Nf4 Nc6 6. O-O O-O 7. d5 Ne5 8. Nd2
c6 9. c4 Nf7 10. e4 e5 11. Nd3 cxd5 12. exd5 e4 13. Nf4 Ne5 14. h3 g5 15. Nh5
Nxh5 16. Qxh5 d6 17. Rb1 Bd7 18. Qe2 Qa5 19. a3 Rac8 20. b4 Qa6 21. b5 Qa4 22.
Bb2 Rfe8 23. Qe3 h6 24. Bd4 Nxc4 25. Nxc4 Rxc4 26. Bxg7 Kxg7 27. Rfc1 Rec8 28.
Bf1 R4c5 29. Rxc5 Rxc5 30. h4 Kg6 31. hxg5 hxg5 32. g4 Qc2 33. gxf5+ Bxf5 34.
Re1 Qc3 35. Qe2 Rxd5 36. Qa2 Qd2 37. Qc4 Kf6 38. Re3 Qd1 39. Qc7 Rc5 40. Qd8+
Kf7 41. Qxg5 Bh3 42. Qf4+ Rf5 43. Qxe4 Qxf1+ 44. Kh2 Qxf2+ 45. Kxh3 Rh5+ 46.
Kg4 Rh4+ 0-1

[Event "Elit(Farsta-Wasa)"]
[Site "?"]
[Date "2020.02.01"]
[Round "5"]
[White "Cramling, Pia"]
[Black "Degerman, Lars"]
[Result "1/2-1/2"]
[WhiteElo "2470"]
[BlackElo "2434"]
[PlyCount "67"]
1. Nf3 c5 2. c4 Nf6 3. Nc3 Nc6 4. d4 cxd4 5. Nxd4 e6 6. a3 Be7 7. e4 O-O 8. Nf3
d6 9. Be2 b6 10. O-O Bb7 11. Bf4 Ne5 12. Nd2 Qc7 13. Rc1 Rac8 14. Bg3 a6 15.
Re1 Ng6 16. b4 Rfe8 17. Bf1 h5 18. h3 h4 19. Bh2 Nd7 20. Nb3 Qb8 21. Qd4 Ba8
22. Red1 e5 23. Qe3 Nf6 24. Nd5 Nxd5 25. cxd5 Rxc1 26. Rxc1 Qd8 27. Rc2 Bg5 28.
Qc3 Bb7 29. Qc7 Qxc7 30. Rxc7 Re7 31. Rc2 Re8 32. Rc7 Re7 33. Rc2 Re8 34. Rc7
1/2-1/2

[Event "Elit(LASK-Vaxjo)"]
[Site "?"]
[Date "2020.02.01"]
[Round "5"]
[White "Rydstrom, Tom"]
[Black "Tikkanen, Hans"]
[Result "1/2-1/2"]
[WhiteElo "2248"]
[BlackElo "2503"]
[PlyCount "56"]
[EventDate "2020.??.??"]
1. c4 c6 2. Nf3 d5 3. e3 Nf6 4. b3 Bg4 5. Bb2 Nbd7 6. Be2 e6 7. O-O Bd6 8. cxd5
exd5 9. Nd4 Bxe2 10. Qxe2 O-O 11. Nc3 Re8 12. d3 a5 13. Rfe1 Nc5 14. Na4 Nxa4
15. bxa4 Be5 16. Rab1 Qc7 17. h3 Nd7 18. Rec1 f6 19. Qc2 Ra6 20. Qd1 Rb6 21.
Qh5 g6 22. Qg4 f5 23. Qd1 Qd6 24. Qd2 Qb4 25. Qc2 Qe7 26. Qd2 Qb4 27. Qc2 Qe7
28. Qd2 Qb4 1/2-1/2

[Event "Elit(Limhamn-LASK)"]
[Site "?"]
[Date "2020.01.31"]
[Round "6"]
[White "Brynell, Stellan"]
[Black "Tikkanen, Hans"]
[Result "1/2-1/2"]
[WhiteElo "2409"]
[BlackElo "2503"]
[PlyCount "65"]
[EventDate "2020.??.??"]
[SourceDate "2020.02.14"]
1. d4 d5 2. Nf3 c6 3. g3 Bg4 4. Bg2 Nd7 5. O-O e6 6. h3 Bh5 7. c4 Bd6 8. Qb3
Rb8 9. e4 dxe4 10. Ng5 Ngf6 11. Nc3 Bg6 12. Ngxe4 Nxe4 13. Nxe4 Bxe4 14. Bxe4
O-O 15. Be3 Nf6 16. Bg2 a6 17. Rfd1 Qd7 18. Rac1 Rfc8 19. Bg5 Ne8 20. Qe3 h6
21. Bf4 Bxf4 22. Qxf4 Qd6 23. Qe3 Nf6 24. Bf3 b5 25. b3 bxc4 26. Rxc4 Nd5 27.
Qd2 Rb5 28. Rdc1 Ne7 29. Qc3 Nd5 30. Bxd5 Rxd5 31. Rxc6 Rxc6 32. Qxc6 Rxd4 33.
Qe8+ 1/2-1/2

[Event "Elit(Stockholms SS-Farsta)"]
[Site "?"]
[Date "2020.01.31"]
[Round "6"]
[White "Lokander, Martin"]
[Black "Hjelm, Niclas"]
[Result "1-0"]
[WhiteElo "2399"]
[BlackElo "2306"]
[PlyCount "61"]
1. d4 d5 2. c4 c6 3. Nf3 Nf6 4. Nc3 dxc4 5. e4 b5 6. Be2 b4 7. Na4 Nxe4 8. Bxc4
Nd6 9. Bb3 g6 10. Ne5 Bg7 11. Qf3 O-O 12. Be3 Nd7 13. Nxc6 Qe8 14. Na5 Ba6 15.
O-O-O Rc8+ 16. Kb1 Nb6 17. Nc5 Qb5 18. Nxa6 Qxa5 19. Nc5 Qb5 20. h4 a5 21. Bc2
e6 22. h5 Nd5 23. hxg6 hxg6 24. Qh3 Rfe8 25. Bd3 Nc4 26. Qh7+ Kf8 27. Bh6 Bxh6
28. Qxh6+ Ke7 29. Qg5+ Kd6 30. Rc1 Ndb6 31. Nb7+ 1-0

[Event "Elit(Limhamn-LASK)"]
[Site "?"]
[Date "2020.01.31"]
[Round "6"]
[White "Mauritsson, Sebastian"]
[Black "Penalver, Osmani"]
[Result "1-0"]
[WhiteElo "2362"]
[BlackElo "2250"]
[PlyCount "67"]
[EventDate "2020.??.??"]
1. e4 c5 2. Nf3 e6 3. d4 cxd4 4. Nxd4 Nf6 5. Nc3 d6 6. g4 Nc6 7. g5 Nd7 8. Be3
Be7 9. h4 a6 10. Qd2 Qc7 11. O-O-O Nce5 12. f4 Nc4 13. Bxc4 Qxc4 14. h5 Nf8 15.
f5 Bd7 16. h6 g6 17. f6 Bd8 18. Nf3 Bc7 19. b3 Qb4 20. Kb2 Ba5 21. Bd4 Bd8 22.
a3 Qa5 23. Rhe1 Rc8 24. Bf2 e5 25. Re3 Bc7 26. b4 Qb6 27. Nd5 Qb5 28. Nxc7+
Rxc7 29. Qxd6 Kd8 30. Nxe5 Kc8 31. Rc3 Rxc3 32. Kxc3 a5 33. Ba7 axb4+ 34. axb4
1-0

[Event "Elit(Stockholms SS-Farsta)"]
[Site "?"]
[Date "2020.01.31"]
[Round "6"]
[White "Namini, Armin"]
[Black "Ertan, Can"]
[Result "0-1"]
[WhiteElo "2208"]
[BlackElo "2387"]
[PlyCount "72"]
1. c4 Nf6 2. g3 e6 3. Bg2 d5 4. Nf3 dxc4 5. Qa4+ Nbd7 6. Qxc4 a6 7. O-O b5 8.
Qb3 Bb7 9. Nc3 c5 10. d3 Bd6 11. e4 Qc7 12. Re1 O-O 13. Bg5 Ng4 14. Rad1 h6 15.
Bc1 Rfd8 16. Qc2 Rac8 17. Qe2 Nge5 18. Nxe5 Bxe5 19. f4 Bd4+ 20. Be3 Qa5 21. a3
Bxc3 22. bxc3 Qxc3 23. a4 bxa4 24. Rc1 Qa5 25. Bd2 Qb6 26. Rb1 Qc7 27. Bc3 Bc6
28. Qg4 e5 29. Qf5 Bb5 30. fxe5 Nf8 31. Bf1 Bxd3 32. Bxd3 Rxd3 33. Ba5 Qd7 34.
Rb6 Ne6 35. Rxa6 c4 36. Bb6 Qb5 0-1